000 00679nam a2200241 i 4500
001 13381
003 ES-MaACL
005 20230906150548.0
007 t|
008 970702s1997 sp ||||0| spa j
020 _a84-7839-185-1
040 _aM-BN
_bspa
_cM-BN
080 _a821.134.2-14"19"
100 1 _aMartín del Burgo, Angela.
_977463
245 1 0 _aCaducidad de lo real /
_cAngela Martín del Burgo.
250 _a1ª ed.
260 _aMadrid :
_bTorremozas,
_c1997.
300 _a70 p. :
_b1 retr. ;
_c21 cm.
490 1 _aLibros del jacarandá
830 0 _aLibros del jacarandá
_9179508
852 _aES-MaACL
_jL-20744
_bR.126236
999 _c13381
_d13381